Please Don't Feed the Sporclers Quiz Stats

Quiz Updated Apr 4, 2015

Also try: Sporcle Crossing!
Challenge
Share
Tweet
Score 0/16 Timer 05:00
0 Plays Today
% Correct
SECONDS
98%
eat
97.7%
MOUTH
92.9%
SLOW
92.4%
CLEAN
92%
DOGS
90.6%
Birds
89.7%
BEETLES
87.7%
% Correct
fish
87.4%
ICE
86.1%
Nuts
85.4%
octopus
85%
CROCODILE
77.5%
BOW
76.6%
penguins
74.2%
INVISIBLE
54.5%

You're not logged in!

Compare scores with friends on all Sporcle quizzes.
Join for Free
OR
Log In

You Might Also Like...

Show Comments

Extras

Top Quizzes Today


Score Distribution

Your Account Isn't Verified!

In order to create a playlist on Sporcle, you need to verify the email address you used during registration. Go to your Sporcle Settings to finish the process.

Report this User

Report this user for behavior that violates our Community Guidelines.

Details: